| 000 | 00638nam a2200145Ia 4500 | ||
|---|---|---|---|
| 008 | 170221s9999 xx 000 0 und d | ||
| 100 | _aDmitry V. Shiryaev | ||
| 245 | _a“Knowledge Economy” as a Resource for the Intensification of Socio-Economic Transformation of the Regional Economic Space | ||
| 245 | _cDmitry V. Shiryaev, Elena I. Artemova, Maria V. Zelinskaya, Sergey N. Novoselov, Svetlana D. Galiullina, Elena E. Pismennaya | ||
| 260 | _bInternational Review of Management and Marketing | ||
| 260 | _c2016 | ||
| 300 | _a6 : 1S | ||
| 650 | _xMarketing. | ||
| 856 | _uhttp://www.econjournals.com/index.php/irmm/issue/view/70 | ||
| 999 |
_c308067 _d308067 |
||